Loading...
| Auditory Arts | 7 | 14.29 | 100% | 43% | 0% |
| Beliefs | 7 | 22.86 | 86% | 100% | 43% |
| Current Events | 4 | 12.50 | 100% | 0% | 25% |
| Fine Arts - Other Arts | 5 | 20.00 | 100% | 80% | 20% |
| History - American History | 6 | 11.67 | 83% | 33% | 0% |
| History - Ancient History | 4 | 15.00 | 50% | 25% | 75% |
| History - European History | 6 | 13.33 | 100% | 33% | 0% |
| History - Other History | 1 | 30.00 | 100% | 100% | 100% |
| History - World History | 4 | 15.00 | 100% | 50% | 0% |
| Literature - American Literature | 4 | 15.00 | 100% | 50% | 0% |
| Literature - British Literature | 6 | 20.00 | 100% | 67% | 33% |
| Literature - European Literature | 5 | 24.00 | 100% | 100% | 40% |
| Literature - World Literature | 4 | 17.50 | 100% | 50% | 25% |
| Other Academic | 1 | 10.00 | 100% | 0% | 0% |
| Philosophy | 5 | 18.00 | 100% | 60% | 20% |
| Science - Biology | 6 | 16.67 | 100% | 67% | 0% |
| Science - Chemistry | 6 | 23.33 | 100% | 83% | 50% |
| Science - Other Science | 4 | 25.00 | 100% | 100% | 50% |
| Science - Physics | 3 | 23.33 | 100% | 100% | 33% |
| Social Science | 7 | 17.14 | 86% | 57% | 29% |
| Visual Arts | 5 | 16.00 | 100% | 60% | 0% |